00448cam a22001211 4500082002000000100002300020245014400043250001200187260003200199300005000231526003700281650000800318 a355.009242bTRO1 aTrotter, Lionel J.04aThe life of John Nicholson,bsoldier and administrator; based on private and hitherto unpublished documents,cby Captain Lionel J. Trotter. a3d. ed. aLondon,bJ. Murray,c[1898] ax, 333 p.billus., fold. maps, ports.c23 cm. a0b0c0d355_009242000000000_TRO aMCE